[Event "HUN-ch U8-U18 2019"]
[Site "Balatonlelle"]
[Date "2019.06.26"]
[Round "8.18"]
[White "Palczert, Matyas"]
[Black "Magold, Filip"]
[Result "1-0"]
[WhiteElo "2007"]
[BlackElo "1906"]
[Annotator "NA RC"]
[PlyCount "57"]
[EventDate "2019.06.21"]
[EventType "swiss"]
[EventCountry "HUN"]
[SourceTitle "playchess.com"]
[Source "ChessBase"]
[SourceQuality "1"]
[TimeControl "40/5400+30:1800+30"]

1. e4 {[%emt 0:00:14]} c5 {[%emt 0:00:03]} 2. Nf3 {[%emt 0:00:06]} d6 {[%emt 0:00:06]} 3. d4 {[%emt 0:00:31]} cxd4 {[%emt 0:00:31]} 4. Nxd4 {[%emt 0:00:05]} Nf6 {[%emt 0:00:06]} 5. Nc3 {[%emt 0:00:07]} a6 {[%emt 0:00:07]} 6. Nb3 {[%emt 0:00:22]} Nbd7 {[%emt 0:00:36]} 7. g4 {[%emt 0:07:08]} h6 {[%emt 0:01:24]} 8. Bg2 {[%emt 0:04:29]} Ne5 {[%emt 0:08:00]} 9. h3 {[%emt 0:01:11]} Rb8 {[%emt 0:04:28]} 10. f4 {[%emt 0:06:42]} Ng6 {[%emt 0:07:17]} 11. e5 {[%emt 0:05:28]} Nd7 {[%emt 0:10:26]} 12. e6 {[%emt 0:12:52]} fxe6 {[%emt 0:00:25]} 13. O-O {[%emt 0:00:50]} Nf6 {[%emt 0:08:25]} 14. Qe1 {[%emt 0:10:15]} Qc7 {[%emt 0:15:30]} 15. g5 {[%emt 0:05:03]} hxg5 {[%emt 0:01:59]} 16. fxg5 {[%emt 0:00:07]} Nh5 {[%emt 0:00:31]} 17. Qf2 {[%emt 0:06:29]} Ne5 {[%emt 0:00:46]} 18. Be3 {[%emt 0:00:52]} g6 {[%emt 0:04:57]} 19. Rad1 {[%emt 0:04:47]} Bg7 {[%emt 0:01:45]} 20. Bb6 {[%emt 0:02:08]} Qc4 {[%emt 0:09:25]} 21. Rd4 {[%emt 0:00:37]} Rf8 {[%emt 0:00:38]} 22. Rxc4 {[%emt 0:00:24]} Nxc4 {[%emt 0:03:05]} 23. Qe1 {[%emt 0:00:45]} Nxb6 {[%emt 0:00:27]} 24. Rxf8+ {[%emt 0:00:56]} Bxf8 {[%emt 0:00:06]} 25. Be4 {[%emt 0:00:43]} Nf4 {[%emt 0:00:13]} 26. Qe3 {[%emt 0:02:09]} Nbd5 {[%emt 0:00:22]} 27. Bxd5 {[%emt 0:00:17]} Nxd5 {[%emt 0:00:05]} 28. Nxd5 {[%emt 0:00:09]} exd5 {[%emt 0:00:04]} 29. Qa7 {[%emt 0:00:12]} 1-0

[Event "HUN-ch U8-U18 2019"]
[Site "Balatonlelle"]
[Date "2019.06.26"]
[Round "8.19"]
[White "Tancsa, Tamas"]
[Black "Konyves, Almos"]
[Result "0-1"]
[WhiteElo "2158"]
[BlackElo "2125"]
[Annotator "TA"]
[PlyCount "136"]
[EventDate "2019.06.21"]
[EventType "swiss"]
[EventCountry "HUN"]
[SourceTitle "playchess.com"]
[Source "ChessBase"]
[SourceQuality "1"]

{[%evp 18,136,43,30,41,21,45,36,35,10,17,10,15,13,3,0,0,0,0,0,20,0,0,0,0,0,0,0,0,0,0,0,0,0,0,0,0,-28,-27,-60,-59,-66,-57,-56,-8,-8,-12,-14,-6,-6,0,0,0,0,0,0,0,-113,0,-189,-192,-599,-581,-833,-772,-1102,-1027,-1175,-1131,-1150,-1048,-2924,-2609,-2616,-5400,-3032,-4538,-2847,-1985,-12850,-2226,-4210,-3801,-1970,-1779,-12355,-11099,-12355,-5691,-12355,-5102,-4134,-11044,-29952,-6222,-29977,-29978,-29978,-29979,-29979,-29980,-29982,-29983,-29983,-29984,-29984,-29985,-29985,-29986,-29986,-29987,-29987,-29988,-29988,-29989,-29989,-29990,-29990,-29991,-29991,-29992]} 1. e4 c5 2. Nf3 Nc6 3. d4 cxd4 4. Nxd4 Nf6 5. Nc3 d6 6. Bg5 e6 7. Qd2 a6 8. O-O-O Bd7 9. f4 h6 10. Bh4 Be7 {B67: Sicilian: Richter-Rauzer: 7...a6 8 0-0-0 Bd7, lines without 9 f4 Be7} (10... b5 11. Bxf6 gxf6 12. f5 Qb6 13. Nxc6 Bxc6 14. fxe6 fxe6 15. Bd3 h5 16. Kb1 Qc5 17. Rhf1 Rh6 18. e5 dxe5 {1-0 (35) Inarkiev,E (2693)-Zhou,W (2597) China 2018}) 11. Qe1 g5 12. fxg5 {Hoping for Nxc6.} Ng4 {White is slightly better.} 13. Nf3 $146 ({Predecessor:} 13. Nxc6 Bxc6 14. Bg3 hxg5 15. Qe2 Nf6 16. e5 Nh5 17. exd6 Nxg3 {½-½ (30) Estrin,Y-Llorens Riera,R ICCF corr 1962}) 13... hxg5 14. Bg3 Qc7 15. Qd2 b5 16. Bxd6 Bxd6 17. Qxd6 Qxd6 18. Rxd6 b4 (18... Nf2 $5 19. Rg1 $8 b4 $11) 19. Na4 {Black must now prevent Nb6.} Nf2 $1 {[%cal Rf2h1]} 20. Rg1 $1 {And now Nc5 would win.} Nxe4 21. Rxd7 {[%mdl 64] [#] Decoy} Kxd7 22. Nb6+ Ke7 23. Nxa8 Rxa8 24. Bd3 Nc5 25. Nxg5 Nxd3+ 26. cxd3 $11 {[%mdl 4096] Endgame KRN-KRN} Rd8 27. Rd1 Rg8 28. h4 f6 29. Ne4 Rxg2 30. Rh1 Rg6 (30... f5 {is interesting.} 31. Nd2 Kf7 32. h5 Kg7 33. Re1 Nd4) 31. h5 Rh6 32. Nc5 a5 33. Kc2 f5 34. Kb3 Kd6 35. Kc4 Ne5+ 36. Kb5 Kd5 37. Nb3 (37. Rh3 $1 $11 {remains equal.}) 37... f4 (37... Nxd3 $17 {Strongly threatening ...e5.} 38. Rh3 Nf4) 38. Kxa5 $2 (38. Rh3 $1 $11 {and White has nothing to worry.}) 38... Nxd3 $19 {aiming for ...e5.} 39. Rd1 $2 (39. Rh3 {nothing else works.} Nxb2 40. Kxb4) 39... Rxh5 40. Ka4 Ke4 41. Nd2+ Ke3 42. Nc4+ Kd4 43. Kb3 Rc5 44. Nd2 Ke3 45. Nf1+ Ke2 46. Rd2+ Kxf1 47. Rxd3 {KR-KR} Kg2 48. Kxb4 Rc8 (48... Rd5 $142 49. Rc3 f3) 49. Rd7 f3 50. Rg7+ Kf1 51. Re7 Rc6 52. Kb5 Rc2 53. b4 {[#]} Re2 $1 54. a4 f2 55. Rf7 Re5+ 56. Ka6 Rf5 {Black mates.} 57. Rc7 Kg2 58. Rc2 Kg3 59. Rxf2 Rxf2 {KR-KPP} 60. b5 e5 61. b6 e4 62. b7 Rb2 63. Ka7 e3 64. a5 e2 65. a6 e1=Q 66. b8=Q+ Rxb8 67. Kxb8 Qb4+ 68. Ka8 Qc5 {Accuracy: White = 30%, Black = 82%.} 0-1

[Event "HUN-ch U8-U18 2019"]
[Site "Balatonlelle"]
[Date "2019.06.27"]
[Round "8.19"]
[White "Varga, Marcell"]
[Black "Kresz, Adam"]
[Result "1/2-1/2"]
[WhiteElo "2106"]
[BlackElo "1949"]
[Annotator "TA"]
[PlyCount "120"]
[EventDate "2019.06.21"]
[EventType "swiss"]
[EventCountry "HUN"]
[SourceTitle "playchess.com"]
[Source "ChessBase"]
[SourceQuality "1"]

{[%evp 9,120,-8,13,-5,-4,0,32,35,34,32,37,59,36,45,119,54,59,49,57,55,60,18,68,36,23,18,51,60,77,37,29,33,38,39,107,104,117,101,162,162,157,153,175,164,163,164,179,144,191,186,189,185,183,157,164,158,209,209,209,209,193,175,205,205,191,198,246,125,164,8,23,31,60,0,0,0,0,0,0,0,0,0,0,0,0,0,0,0,488,0,34,34,241,0,0,0,0,0,0,0,0,0,0,0,0,0,0,0,0,0,0,0,0]} 1. c4 e6 2. Nf3 d5 3. g3 Nf6 4. Bg2 dxc4 5. Qc2 c5 6. Ne5 {A13: English Opening: 1...e6} (6. Na3 Nc6 7. Nxc4 Be7 8. O-O O-O 9. a3 Bd7 10. b3 Rc8 11. Bb2 Nd5 12. Rac1 b6 13. Rfd1 Qc7 14. e4 Nf6 15. e5 Nd5 16. h4 h6 {½-½ (37) Ehlvest,J (2521)-Oparin,G (2613) chess.com INT 2019}) 6... Qc7 (6... a6 {looks sharper.} 7. Nxc4 Ra7 8. a4 b6 9. O-O Bb7) 7. Nxc4 Bd7 $146 ({Predecessor:} 7... Nc6 8. Nc3 Be7 9. d3 O-O 10. O-O Bd7 11. Bf4 e5 12. Bg5 Nd4 13. Qd1 Bc6 14. Bxf6 Bxf6 {1-0 (38) Kjartansson,G (2441)-Bjarnason,S (2101) Reykjavik 2014}) 8. d3 {White is slightly better.} Nc6 9. Bf4 e5 10. Nxe5 {[%mdl 64] [#] Remove Defender} Nxe5 11. d4 $1 {[%cal Rd4e5]} Bc6 (11... Bd6 $1 $14 12. Bxe5 Bxe5 13. dxe5 Qxe5) 12. dxe5 (12. Bxe5 $16 Qa5+ 13. Kf1) 12... Bxg2 $14 13. exf6 Qc6 14. Rg1 Be4 ({Reject} 14... gxf6 $6 15. Nc3 $16) 15. Qd2 Bxb1 16. Rxb1 Qxf6 17. Rd1 {[%csl Gd1][%cal Rd2d7]} Rd8 18. Qe3+ Qe6 19. Qxe6+ (19. Rxd8+ {is interesting.} Kxd8 20. Qa3 Qb6 21. Kf1 Bd6 22. Bxd6 Qxd6 23. Qxa7 Kc7 24. Qa5+) 19... fxe6 20. Rxd8+ Kxd8 $16 {[%mdl 4096] Endgame KRB-KRB} 21. Be5 c4 (21... Rg8 $14) 22. Kd2 Bc5 23. Rc1 Rg8 (23... b5 $16) 24. Rxc4 $18 Bb6 25. f3 Kd7 26. Kd3 g6 27. Ke4 Rf8 28. Bd4 Bxd4 29. Rxd4+ $16 {KR-KR} ({Don't take} 29. Kxd4 Rf5 $16) 29... Ke7 30. Ra4 a6 31. Rb4 b5 32. a4 Rf5 (32... bxa4 $16 {is a better defense.} 33. Rxa4 Rb8) 33. axb5 $18 axb5 34. h4 Rc5 35. Kd4 Rd5+ 36. Kc3 Rc5+ 37. Kb3 h5 38. Rd4 (38. f4 $18) 38... g5 39. e4 $2 ({White should try} 39. Re4 $18) 39... gxh4 40. gxh4 Kf6 $1 41. Kb4 (41. Rd2 $14) 41... Rc2 $11 42. b3 Rh2 43. Kxb5 Rxh4 44. Kc6 {aiming for e5+!} Rf4 45. b4 h4 46. Rd8 {Hoping for b5.} Ke5 47. Rh8 {Strongly threatening b5.} Rxf3 48. Rxh4 Rc3+ $2 {[%mdl 8192] [#]} (48... Kd4 $1 $11 {and Black stays safe.}) 49. Kb6 $2 (49. Kd7 $1 $18 Rd3+ 50. Ke7) 49... Kd6 50. b5 Rb3 $2 (50... Rc1 $14) 51. Ka6 $2 (51. Rh2 $18) 51... e5 {The position is equal.} 52. b6 Kc5 53. Rh6 Rb4 54. Ka7 {Threatens to win with b7.} Rxe4 55. b7 Rb4 56. b8=Q (56. Rh5 {keeps more tension.} Kd4 57. Rh3 e4 58. Kb8 Rxb7+ 59. Kxb7 e3 60. Rh7) 56... Rxb8 57. Kxb8 e4 58. Kb7 Kd4 59. Kb6 e3 60. Kb5 e2 {Accuracy: White = 57%, Black = 42%.} 1/2-1/2

[Event "HUN-ch U8-U18 2019"]
[Site "Balatonlelle"]
[Date "2019.06.27"]
[Round "8.20"]
[White "Hatala, Csaba Laszlo"]
[Black "Pesti, Mate"]
[Result "0-1"]
[WhiteElo "1958"]
[BlackElo "1925"]
[Annotator "NA RC"]
[PlyCount "72"]
[EventDate "2019.06.21"]
[EventType "swiss"]
[EventCountry "HUN"]
[SourceTitle "playchess.com"]
[Source "ChessBase"]
[SourceQuality "1"]
[TimeControl "40/5400+30:1800+30"]

1. e4 {[%emt 0:00:03]} c5 {[%emt 0:00:07]} 2. Nf3 {[%emt 0:00:07]} Nc6 {[%emt 0:00:05]} 3. d4 {[%emt 0:00:07]} cxd4 {[%emt 0:00:04]} 4. Nxd4 {[%emt 0:00:05]} g6 {[%emt 0:00:12]} 5. Nc3 {[%emt 0:00:08]} Bg7 {[%emt 0:00:05]} 6. Be3 {[%emt 0:00:08]} Nf6 {[%emt 0:00:06]} 7. Bc4 {[%emt 0:00:12]} Qa5 {[%emt 0:00:35]} 8. O-O {[%emt 0:00:50]} O-O {[%emt 0:03:18]} 9. Bb3 {[%emt 0:00:14]} d6 {[%emt 0:01:09]} 10. h3 {[%emt 0:00:57]} Bd7 {[%emt 0:01:07]} 11. f4 {[%emt 0:03:05]} Rac8 {[%emt 0:11:52]} 12. Nf3 {[%emt 0:07:59]} a6 {[%emt 0:06:45]} 13. e5 {[%emt 0:07:03]} dxe5 {[%emt 0:02:28]} 14. fxe5 {[%emt 0:00:08]} Nxe5 {[%emt 0:00:31]} 15. Nxe5 {[%emt 0:00:22]} Qxe5 {[%emt 0:00:41]} 16. Bd4 {[%emt 0:00:29]} Qc7 {[%emt 0:02:20]} 17. Qe1 {[%emt 0:23:15]} Ng4 {[%emt 0:04:12]} 18. hxg4 {[%emt 0:05:23]} Bxd4+ {[%emt 0:00:26]} 19. Kh1 {[%emt 0:00:14]} Bxc3 {[%emt 0:09:28]} 20. Qxe7 {[%emt 0:14:38]} Bxg4 {[%emt 0:04:10]} 21. Qxc7 {[%emt 0:07:25]} Rxc7 {[%emt 0:01:28]} 22. bxc3 {[%emt 0:00:07]} Rxc3 {[%emt 0:01:00]} 23. Rf4 {[%emt 0:02:16]} Be6 {[%emt 0:02:43]} 24. Rb4 {[%emt 0:01:18]} Bxb3 {[%emt 0:02:26]} 25. axb3 {[%emt 0:00:29]} Rc7 {[%emt 0:06:06]} 26. c4 {[%emt 0:00:55]} Re8 {[%emt 0:02:49]} 27. Rd1 {[%emt 0:03:36]} Re2 {[%emt 0:14:07]} 28. Rb6 {[%emt 0:07:57]} Kg7 {[%emt 0:04:33]} 29. Rdd6 {[%emt 0:05:06]} Rb2 {[%emt 0:03:48]} 30. Rd3 {[%emt 0:01:36]} Rxc4 {[%emt 0:03:49]} 31. Rxb7 Rf4 {[%emt 0:02:17]} 32. Rdd7 {[%emt 0:01:46]} Rff2 {[%emt 0:03:03]} 33. Rdc7 {[%emt 0:00:36]} h5 {[%emt 0:00:48]} 34. Rd7 {[%emt 0:00:56]} h4 {[%emt 0:00:36]} 35. Rdc7 {[%emt 0:00:57]} h3 {[%emt 0:00:21]} 36. Kh2 {[%emt 0:01:01]} hxg2 {[%emt 0:00:13]} 0-1

[Event "HUN-ch U8-U18 2019"]
[Site "Balatonlelle"]
[Date "2019.06.26"]
[Round "8.20"]
[White "Szegedy, Matyas"]
[Black "Turcsanyi, Vince Gergo"]
[Result "0-1"]
[WhiteElo "1806"]
[BlackElo "1816"]
[Annotator "NA RC"]
[PlyCount "90"]
[EventDate "2019.06.21"]
[EventType "swiss"]
[EventCountry "HUN"]
[SourceTitle "playchess.com"]
[Source "ChessBase"]
[SourceQuality "1"]
[TimeControl "40/5400+30:1800+30"]

1. e4 {[%emt 0:00:01]} e5 {[%emt 0:00:05]} 2. Nc3 {[%emt 0:00:06]} Nf6 {[%emt 0:00:05]} 3. Nf3 {[%emt 0:00:07]} Nc6 {[%emt 0:00:05]} 4. a3 {[%emt 0:00:05]} g6 {[%emt 0:00:08]} 5. Nxe5 {[%emt 0:02:57]} Nxe5 {[%emt 0:00:09]} 6. d4 {[%emt 0:00:06]} Nc6 {[%emt 0:00:05]} 7. d5 {[%emt 0:00:04]} Bg7 {[%emt 0:00:04]} 8. dxc6 {[%emt 0:00:33]} bxc6 {[%emt 0:00:11]} 9. Bc4 {[%emt 0:02:50]} O-O {[%emt 0:02:27]} 10. O-O {[%emt 0:02:48]} Re8 {[%emt 0:04:37]} 11. Qf3 {[%emt 0:22:32]} d6 {[%emt 0:04:38]} 12. h3 {[%emt 0:05:14]} Qe7 {[%emt 0:12:28]} 13. Bg5 {[%emt 0:13:31]} h6 {[%emt 0:07:06]} 14. Bxf6 {[%emt 0:03:37]} Bxf6 {[%emt 0:02:31]} 15. e5 {[%emt 0:10:59]} Bxe5 {[%emt 0:03:47]} 16. Qxc6 {[%emt 0:01:12]} Be6 {[%emt 0:23:41]} 17. Bxe6 {[%emt 0:06:19]} fxe6 {[%emt 0:02:29]} 18. f4 {[%emt 0:08:31]} Bd4+ {[%emt 0:04:16]} 19. Kh1 {[%emt 0:00:12]} Rab8 {[%emt 0:05:14]} 20. Nb5 {[%emt 0:02:53]} Rb6 {[%emt 0:06:48]} 21. Qc4 {[%emt 0:03:06]} Bxb2 {[%emt 0:02:51]} 22. Rae1 {[%emt 0:04:33]} d5 {[%emt 0:04:39]} 23. Qd3 {[%emt 0:00:57]} Bg7 {[%emt 0:02:42]} 24. Nd4 {[%emt 0:02:13]} c5 {[%emt 0:01:13]} 25. Nf3 {[%emt 0:00:38]} Kh7 {[%emt 0:02:53]} 26. Ne5 {[%emt 0:00:51]} Bxe5 {[%emt 0:01:26]} 27. fxe5 {[%emt 0:00:19]} Rf8 {[%emt 0:00:53]} 28. Rxf8 {[%emt 0:00:24]} Qxf8 {[%emt 0:00:01]} 29. Rf1 {[%emt 0:00:08]} Qg7 {[%emt 0:02:46]} 30. Rf6 {[%emt 0:00:12]} c4 {[%emt 0:00:21]} 31. Qf3 {[%emt 0:01:42]} Kg8 {[%emt 0:00:56]} 32. Qg4 {[%emt 0:00:45]} g5 {[%emt 0:00:23]} 33. Rxe6 {[%emt 0:01:16]} Rxe6 {[%emt 0:00:10]} 34. Qxe6+ {[%emt 0:00:05]} Qf7 {[%emt 0:00:06]} 35. Qg4 {[%emt 0:00:36]} Qf1+ {[%emt 0:00:54]} 36. Kh2 {[%emt 0:00:04]} Qf4+ {[%emt 0:00:47]} 37. Qxf4 {[%emt 0:00:44]} gxf4 {[%emt 0:00:01]} 38. g3 d4 39. gxf4 {[%emt 0:00:00]} d3 {[%emt 0:00:00]} 40. cxd3 {[%emt 0:00:00]} cxd3 {[%emt 0:00:00]} 41. Kg3 {[%emt 0:09:01]} d2 {[%emt 0:02:24]} 42. f5 {[%emt 0:01:43]} d1=Q {[%emt 0:00:11]} 43. Kf4 {[%emt 0:00:06]} Qd4+ {[%emt 0:00:15]} 44. Kf3 {[%emt 0:02:51]} Qxe5 {[%emt 0:00:08]} 45. Kg4 {[%emt 0:00:06]} Qe4+ {[%emt 0:00:23]} 0-1

[Event "HUN-ch U8-U18 2019"]
[Site "Balatonlelle"]
[Date "2019.06.27"]
[Round "8.21"]
[White "Erseki, Tamara"]
[Black "Kovacs, Judit"]
[Result "1/2-1/2"]
[WhiteElo "1999"]
[BlackElo "2025"]
[Annotator "NA RC"]
[PlyCount "33"]
[EventDate "2019.06.21"]
[EventType "swiss"]
[EventCountry "HUN"]
[SourceTitle "playchess.com"]
[Source "ChessBase"]
[SourceQuality "1"]
[TimeControl "40/5400+30:1800+30"]

1. e4 {[%emt 0:00:03]} c5 {[%emt 0:00:08]} 2. Nf3 {[%emt 0:00:08]} e6 {[%emt 0:00:10]} 3. d4 {[%emt 0:00:49]} cxd4 {[%emt 0:00:10]} 4. Nxd4 {[%emt 0:00:04]} a6 {[%emt 0:00:36]} 5. Nc3 {[%emt 0:00:51]} Qc7 {[%emt 0:00:50]} 6. Bd3 {[%emt 0:01:32]} Nf6 {[%emt 0:01:25]} 7. O-O {[%emt 0:03:17]} Bc5 {[%emt 0:04:15]} 8. Nb3 {[%emt 0:07:10]} Be7 {[%emt 0:02:35]} 9. Qe2 {[%emt 0:05:32]} d6 {[%emt 0:03:17]} 10. Kh1 {[%emt 0:02:11]} Nbd7 {[%emt 0:02:39]} 11. f4 {[%emt 0:03:58]} b5 {[%emt 0:03:29]} 12. a3 {[%emt 0:07:26]} Bb7 {[%emt 0:02:50]} 13. Bd2 {[%emt 0:03:40]} O-O {[%emt 0:04:11]} 14. Rae1 {[%emt 0:04:18]} e5 {[%emt 0:10:31]} 15. fxe5 {[%emt 0:04:45]} dxe5 {[%emt 0:00:34]} 16. Qf3 {[%emt 0:10:19]} Rac8 {[%emt 0:06:56]} 17. Ne2 {[%emt 0:01:15]} 1/2-1/2

[Event "HUN-ch U8-U18 2019"]
[Site "Balatonlelle"]
[Date "2019.06.26"]
[Round "8.21"]
[White "Kolimar, Kristof Pal"]
[Black "Herczeg, Marcell"]
[Result "1-0"]
[WhiteElo "1979"]
[BlackElo "1783"]
[Annotator "NA RC"]
[PlyCount "93"]
[EventDate "2019.06.21"]
[EventType "swiss"]
[EventCountry "HUN"]
[SourceTitle "playchess.com"]
[Source "ChessBase"]
[SourceQuality "1"]
[TimeControl "40/5400+30:1800+30"]

1. Nf3 {[%emt 0:00:03]} d5 {[%emt 0:00:54]} 2. c4 {[%emt 0:00:39]} e6 {[%emt 0:01:45]} 3. g3 {[%emt 0:00:40]} Nf6 {[%emt 0:01:31]} 4. Bg2 {[%emt 0:00:09]} Be7 {[%emt 0:00:52]} 5. O-O {[%emt 0:00:12]} O-O {[%emt 0:00:49]} 6. d4 {[%emt 0:00:09]} dxc4 {[%emt 0:00:58]} 7. Qc2 {[%emt 0:00:39]} a6 {[%emt 0:01:02]} 8. a4 {[%emt 0:00:46]} Bd7 {[%emt 0:00:57]} 9. Qxc4 {[%emt 0:02:03]} Bc6 {[%emt 0:02:02]} 10. Bg5 {[%emt 0:05:37]} Nbd7 {[%emt 0:03:29]} 11. Nc3 {[%emt 0:03:03]} h6 {[%emt 0:11:11]} 12. Bf4 {[%emt 0:03:16]} Nb6 {[%emt 0:10:25]} 13. Qd3 {[%emt 0:03:04]} Nbd5 {[%emt 0:02:21]} 14. Be5 {[%emt 0:05:54]} Qd7 {[%emt 0:14:26]} 15. Bxf6 {[%emt 0:08:41]} Bxf6 {[%emt 0:01:25]} 16. Ne4 {[%emt 0:02:01]} Qe7 {[%emt 0:02:13]} 17. Nxf6+ {[%emt 0:07:21]} Nxf6 {[%emt 0:00:38]} 18. Ne5 {[%emt 0:01:05]} Bxg2 {[%emt 0:00:36]} 19. Kxg2 {[%emt 0:00:17]} Rfd8 {[%emt 0:01:06]} 20. Rac1 {[%emt 0:01:59]} Rac8 {[%emt 0:02:17]} 21. Qb3 {[%emt 0:05:14]} c6 {[%emt 0:06:06]} 22. Rfd1 {[%emt 0:03:35]} Rc7 {[%emt 0:10:28]} 23. Qb6 {[%emt 0:13:54]} Rdc8 {[%emt 0:02:23]} 24. Qc5 {[%emt 0:01:57]} Qd8 {[%emt 0:02:24]} 25. Nc4 {[%emt 0:08:23]} Qd5+ {[%emt 0:01:01]} 26. f3 {[%emt 0:00:19]} Nd7 {[%emt 0:03:12]} 27. Qa3 {[%emt 0:02:04]} Rd8 {[%emt 0:03:17]} 28. e4 {[%emt 0:02:50]} Qg5 {[%emt 0:00:30]} 29. h4 {[%emt 0:01:32]} Qg6 {[%emt 0:01:41]} 30. a5 {[%emt 0:02:37]} Nf6 {[%emt 0:00:42]} 31. Ne5 {[%emt 0:00:30]} Qh7 {[%emt 0:00:42]} 32. Qc5 {[%emt 0:01:21]} Ne8 {[%emt 0:02:06]} 33. h5 {[%emt 0:00:57]} Nf6 {[%emt 0:02:54]} 34. g4 {[%emt 0:00:47]} Kh8 {[%emt 0:04:29]} 35. Qb6 {[%emt 0:01:45]} Rdc8 {[%emt 0:01:05]} 36. d5 {[%emt 0:01:10]} Nd7 {[%emt 0:01:39]} 37. Nxd7 {[%emt 0:00:32]} Rxd7 {[%emt 0:00:09]} 38. dxc6 {[%emt 0:00:47]} Rxd1 {[%emt 0:00:14]} 39. Rxd1 {[%emt 0:00:08]} bxc6 {[%emt 0:00:19]} 40. Qxa6 {[%emt 0:00:00]} Qg8 {[%emt 0:00:00]} 41. b4 {[%emt 0:04:44]} Qe8 {[%emt 0:00:42]} 42. Qb6 {[%emt 0:04:49]} Qe7 {[%emt 0:01:13]} 43. a6 {[%emt 0:03:22]} Rc7 {[%emt 0:00:34]} 44. Qb8+ {[%emt 0:00:58]} Kh7 {[%emt 0:00:07]} 45. Rd8 {[%emt 0:00:28]} g6 {[%emt 0:00:51]} 46. Rh8+ {[%emt 0:00:32]} Kg7 {[%emt 0:00:05]} 47. e5 {[%emt 0:00:11]} 1-0

[Event "HUN-ch U8-U18 2019"]
[Site "Balatonlelle"]
[Date "2019.06.27"]
[Round "8.22"]
[White "Karacsonyi, Kata"]
[Black "Buri, Petra Zsuzsanna"]
[Result "1-0"]
[WhiteElo "1798"]
[BlackElo "1634"]
[Annotator "NA RC"]
[PlyCount "49"]
[EventDate "2019.06.21"]
[EventType "swiss"]
[EventCountry "HUN"]
[SourceTitle "playchess.com"]
[Source "ChessBase"]
[SourceQuality "1"]
[TimeControl "40/5400+30:1800+30"]

1. e4 {[%emt 0:00:03]} c6 {[%emt 0:00:29]} 2. Nc3 {[%emt 0:02:28]} d5 {[%emt 0:01:22]} 3. Nf3 {[%emt 0:00:21]} Bg4 {[%emt 0:01:02]} 4. h3 {[%emt 0:00:52]} Bxf3 {[%emt 0:00:44]} 5. Qxf3 {[%emt 0:01:05]} Nf6 {[%emt 0:01:02]} 6. e5 {[%emt 0:08:58]} Nfd7 {[%emt 0:06:37]} 7. d4 {[%emt 0:03:29]} e6 {[%emt 0:01:23]} 8. Ne2 {[%emt 0:10:15]} c5 {[%emt 0:07:47]} 9. c3 {[%emt 0:13:17]} Nc6 {[%emt 0:04:16]} 10. Qe3 {[%emt 0:06:10]} Rc8 {[%emt 0:07:33]} 11. a3 {[%emt 0:06:41]} Na5 {[%emt 0:07:35]} 12. f4 {[%emt 0:10:08]} Qb6 {[%emt 0:10:02]} 13. Rb1 {[%emt 0:06:47]} Qb3 {[%emt 0:10:54]} 14. Qd3 {[%emt 0:10:52]} Nc4 {[%emt 0:17:21]} 15. Qd1 {[%emt 0:03:16]} Qa2 {[%emt 0:01:12]} 16. Bd2 {[%emt 0:03:24]} cxd4 {[%emt 0:02:27]} 17. Nxd4 {[%emt 0:01:47]} Nxd2 {[%emt 0:00:51]} 18. Kxd2 {[%emt 0:01:37]} Bc5 {[%emt 0:10:03]} 19. Kc2 {[%emt 0:03:37]} Bxd4 {[%emt 0:03:57]} 20. Qxd4 {[%emt 0:00:39]} Nc5 {[%emt 0:00:36]} 21. Qb4 {[%emt 0:02:05]} a5 {[%emt 0:00:37]} 22. Qb5+ {[%emt 0:00:41]} Kf8 {[%emt 0:00:45]} 23. Qxa5 {[%emt 0:01:57]} d4 {[%emt 0:01:00]} 24. Qb4 {[%emt 0:00:39]} dxc3 {[%emt 0:00:44]} 25. Bc4 {[%emt 0:00:23]} 1-0

[Event "HUN-ch U8-U18 2019"]
[Site "Balatonlelle"]
[Date "2019.06.26"]
[Round "8.22"]
[White "Toth, Gergely"]
[Black "Bodrogi, Bendeguz"]
[Result "0-1"]
[WhiteElo "1485"]
[BlackElo "1925"]
[Annotator "NA RC"]
[PlyCount "84"]
[EventDate "2019.06.21"]
[EventType "swiss"]
[EventCountry "HUN"]
[SourceTitle "playchess.com"]
[Source "ChessBase"]
[SourceQuality "1"]
[TimeControl "40/5400+30:1800+30"]

1. e4 {[%emt 0:00:03]} c5 {[%emt 0:00:16]} 2. Nf3 {[%emt 0:00:10]} Nc6 {[%emt 0:00:32]} 3. d4 {[%emt 0:00:09]} cxd4 {[%emt 0:00:33]} 4. Nxd4 {[%emt 0:00:13]} e5 {[%emt 0:00:57]} 5. Nb5 {[%emt 0:00:17]} d6 {[%emt 0:01:09]} 6. N1c3 {[%emt 0:01:16]} a6 {[%emt 0:01:34]} 7. Na3 {[%emt 0:01:09]} Be7 {[%emt 0:01:02]} 8. Be3 {[%emt 0:04:40]} Nf6 {[%emt 0:04:54]} 9. f3 Be6 {[%emt 0:02:46]} 10. Bc4 {[%emt 0:13:26]} b5 {[%emt 0:05:23]} 11. Bd5 {[%emt 0:04:55]} Rc8 {[%emt 0:00:17]} 12. Bxc6+ {[%emt 0:00:48]} Rxc6 {[%emt 0:00:02]} 13. Nd5 {[%emt 0:00:17]} Bxd5 {[%emt 0:07:37]} 14. exd5 {[%emt 0:01:12]} Rc8 {[%emt 0:00:47]} 15. c3 {[%emt 0:05:10]} O-O {[%emt 0:01:02]} 16. O-O {[%emt 0:00:36]} Nd7 {[%emt 0:00:27]} 17. Nc2 f5 {[%emt 0:08:28]} 18. Nb4 {[%emt 0:04:08]} Bg5 {[%emt 0:16:52]} 19. Qe2 {[%emt 0:06:49]} Bxe3+ {[%emt 0:00:26]} 20. Qxe3 {[%emt 0:00:10]} Nc5 {[%emt 0:00:29]} 21. Nc6 {[%emt 0:01:46]} Qf6 {[%emt 0:01:32]} 22. Rad1 {[%emt 0:01:10]} f4 {[%emt 0:17:01]} 23. Qe2 {[%emt 0:02:36]} Rce8 {[%emt 0:02:12]} 24. b4 {[%emt 0:06:15]} Na4 {[%emt 0:00:31]} 25. Qc2 {[%emt 0:00:10]} Nb6 {[%emt 0:00:15]} 26. Na5 {[%emt 0:01:56]} Rc8 {[%emt 0:00:28]} 27. Qd2 {[%emt 0:06:16]} Rf7 {[%emt 0:05:42]} 28. Rc1 {[%emt 0:03:03]} Rfc7 {[%emt 0:00:21]} 29. Rfe1 {[%emt 0:01:12]} Qf7 {[%emt 0:00:23]} 30. Red1 {[%emt 0:01:14]} g5 {[%emt 0:03:32]} 31. g4 Nc4 {[%emt 0:02:40]} 32. Nxc4 {[%emt 0:06:14]} Rxc4 {[%emt 0:00:01]} 33. Qc2 {[%emt 0:05:16]} Kg7 {[%emt 0:03:07]} 34. Qd3 {[%emt 0:04:40]} Qg6 {[%emt 0:01:05]} 35. Kf2 {[%emt 0:06:23]} Qxd3 {[%emt 0:00:50]} 36. Rxd3 {[%emt 0:00:07]} Rxb4 {[%emt 0:00:01]} 37. cxb4 {[%emt 0:01:40]} Rxc1 {[%emt 0:00:07]} 38. a3 {[%emt 0:00:21]} Rc2+ {[%emt 0:00:23]} 39. Kg1 {[%emt 0:00:18]} Kf6 {[%emt 0:00:23]} 40. h3 {[%emt 0:00:00]} e4 {[%emt 0:00:00]} 41. fxe4 {[%emt 0:01:35]} Ke5 {[%emt 0:00:11]} 42. Kh1 {[%emt 0:01:36]} Kxe4 {[%emt 0:00:08]} 0-1